000 00603nam a22002175i 4500
001 170239
003 ES-MaACL
005 20251013063135.0
008 090216s1974 sp |||| | spa d
020 _a84-321-1637-8
080 _a821.134.2-14"19"
100 1 _aValencia, Juan,
_d1928-
_9152400
245 1 0 _aElegías terrestres /
_cJuan Valencia.
250 _a[1ª ed.].
260 _aMadrid :
_bRialp,
_c[1974]
300 _a61 p. ;
_c18 cm.
490 1 _aAdonais ;
_v308
830 0 0 _aAdonáis
_v308
_9173743
852 _aES-MaACL
_jJ-23-308
_9R.144475
999 _c170239
_d170239